000 00463nam a2200157Ia 4500
003 LK-CoDNM
008 010623t1873 xxu||||| |||| 00| 1 eng d
040 _aLK-CoDNM
_dLK-CoDNM
_eLK-CoDNM
041 _aeng
080 _a49710.274239
100 _aTod,Lieutenant Colonel James
245 _aAnnals and Antiquites of Rajasthan or the Central and Rajpoot States of india
260 _bHigginbotham Co.
_aMadras
_c1873
300 _bxxix,724p., 21 cm
942 _cBK
999 _c81802
_d81802